000 00555cam a22001691a 4500
082 _a355.4
_bBIR
_cD.
100 1 _aBird, W. D.
_949591
245 1 4 _aThe direction of war :
_ba study of strategy /
_cby W. D. Bird.
260 _aCambridge, [Eng.] :
_bThe University Press,
_c1920.
300 _axii, 317 p., 13 leaves of fold. plates :
_bill., maps ;
_c24 cm.
490 0 _aCambridge naval and military series.
500 _aIncludes index.
526 _a0
_b0
_c0
_d355_400000000000000_BIR
650 0 _aMCE
_9379
650 0 _aStrategy.
942 _2ddc
_cBK
999 _c552378
_d552378